| 000 | 00479pam a2200157 a 4500 | ||
|---|---|---|---|
| 020 | _a0875183832 : | ||
| 040 | _cDLC | ||
| 082 | 0 | 0 | _a979 DIL 1989 A104 Or. |
| 100 | 1 | _aHaddock, Patricia. | |
| 245 | 1 | 0 | _aSan Francisco / |
| 260 |
_aMinneapolis, MN : _bDillon Press, _cc1989. |
||
| 300 |
_a60 p. : _bill. (some col.) ; _c21 x 24. |
||
| 500 | _aIncludes index. | ||
| 520 | _aDescribes the past and present, neighborhoods, attractions, and festivals of San Francisco. | ||
| 942 | _cEK | ||
| 999 |
_c13875 _d13875 |
||